000 00240nam a2200097Ia 4500
005 20250424112922.0
008 250424s9999 xx 000 0 und d
300 _a116 p. :ill. ; 28 cm.
650 _aMedical sciences--Periodicals
942 _cSR
999 _c37876
_d37876